[Event "25th Czech Open A 2014"]
[Site "Pardubice CZE"]
[Date "2014.07.23"]
[Round "6.40"]
[White "Rasik, Vitezslav"]
[Black "Braeuer, Franz"]
[Result "0-1"]
[WhiteTitle "IM"]
[WhiteElo "2445"]
[BlackElo "2317"]
[WhiteFideId "300306"]
[BlackFideId "24634468"]
[EventDate "2014.07.18"]

1. e4 c5 2. Nf3 d6 3. Bb5+ Bd7 4. Bxd7+ Nxd7 5. O-O Ngf6 6. Qe2 Rc8 7. c3 e6 8.
d4 cxd4 9. cxd4 Nb6 10. Nc3 Be7 11. h3 O-O 12. Bf4 a6 13. Rad1 d5 14. e5 Nfd7
15. Nh2 Bb4 16. Rd3 Rc6 17. Rg3 Kh8 18. Qg4 Rg8 19. Nf3 Qe8 20. Ng5 f5 21. Qh4
Nf8 22. Ne2 h6 23. Be3 Be7 24. Nf4 Nc8 25. Rc1 Rxc1+ 26. Bxc1 Nh7 27. Nfxe6 Bxg5
28. Nxg5 hxg5 29. Bxg5 Na7 30. Be7 Nc6 31. Bc5 g5 32. Qh6 Qg6 33. Qxg6 Rxg6 34.
Rf3 f4 35. Rb3 Na5 36. Rb4 Rc6 37. a4 Kg8 38. Kh2 Nf8 39. Bb6 Nc4 40. Ba7 Rc7
41. Bb8 Rd7 42. b3 Na5 43. Rb6 Nc6 44. Bd6 Ne6 45. b4 Ncxd4 46. f3 Kf7 47. h4
gxh4 48. Kh3 Nf5 49. Bc5 d4 50. Kg4 Ne3+ 0-1

[Event "25th Czech Open A 2014"]
[Site "Pardubice CZE"]
[Date "2014.07.23"]
[Round "6.41"]
[White "Chandra, Akshat"]
[Black "Rjabzev, Konstantin"]
[Result "1/2-1/2"]
[WhiteTitle "IM"]
[BlackTitle "IM"]
[WhiteElo "2442"]
[BlackElo "2308"]
[WhiteFideId "25006711"]
[BlackFideId "4150015"]
[EventDate "2014.07.18"]

1. e4 e5 2. Nf3 Nc6 3. Bb5 a6 4. Ba4 Nge7 5. O-O g6 6. c3 Bg7 7. d4 exd4 8. cxd4
b5 9. Bb3 O-O 10. Nc3 d6 11. Nd5 h6 12. Nxe7+ Qxe7 13. Bd5 Bd7 14. Be3 Kh7 15.
Rc1 Qe8 16. Re1 Rc8 17. Qd2 Nd8 18. Qa5 c6 19. Bb3 c5 20. dxc5 dxc5 21. Rxc5
Rxc5 22. Bxc5 Nb7 23. Qb6 Nxc5 24. Qxc5 Bxb2 25. e5 Bg4 26. Qc2 Bxf3 27. Qxb2
Bg4 28. Qa3 Bc8 29. Rc1 Kg7 30. Qd6 Qd8 31. Rc7 Qxd6 32. exd6 Bf5 33. Ra7 Kf6
34. Rxa6 Ke5 35. Ra7 Be6 36. Rb7 Bc4 37. Bxc4 bxc4 38. Rc7 Kxd6 39. Rxc4 Rb8 40.
g3 Rb2 41. a4 Ke6 42. Rc6+ Kf5 43. a5 Ra2 44. a6 h5 45. h3 Kg5 46. Kg2 Ra3 47.
Rb6 Kf5 48. Kf1 Ra2 49. Ke1 Kg5 50. Kd1 h4 51. Kc1 Rxf2 52. gxh4+ Kh6 53. Kb1
Rf4 54. a7 Ra4 55. Rb7 f5 56. Kc2 f4 57. Kd3 g5 58. hxg5+ Kxg5 59. Rg7+ Kh4 60.
Rh7+ Kg3 61. Rg7+ Kxh3 62. Ke2 Ra3 1/2-1/2

[Event "25th Czech Open A 2014"]
[Site "Pardubice CZE"]
[Date "2014.07.23"]
[Round "6.42"]
[White "Plischki, Sebastian"]
[Black "Mukashev, Assan"]
[Result "1/2-1/2"]
[WhiteTitle "IM"]
[WhiteElo "2433"]
[BlackElo "2261"]
[WhiteFideId "4637143"]
[BlackFideId "13703803"]
[EventDate "2014.07.18"]

1. Nf3 Nf6 2. c4 e6 3. g3 b6 4. Bg2 Bb7 5. O-O c5 6. Nc3 Be7 7. d4 cxd4 8. Qxd4
O-O 9. Rd1 Nc6 10. Qf4 a6 11. e4 d6 12. b3 Qc7 13. Ba3 Rfd8 14. Qe3 b5 15. cxb5
axb5 16. Bxd6 Rxd6 17. Rxd6 Qxd6 18. e5 Nxe5 19. Nxe5 Bxg2 20. Kxg2 Nd5 21. Nxd5
Qxd5+ 1/2-1/2

[Event "25th Czech Open A 2014"]
[Site "Pardubice CZE"]
[Date "2014.07.23"]
[Round "6.43"]
[White "Nemcova, Katerina"]
[Black "Roeder, Matthias"]
[Result "0-1"]
[WhiteTitle "WGM"]
[BlackTitle "IM"]
[WhiteElo "2314"]
[BlackElo "2423"]
[WhiteFideId "322750"]
[BlackFideId "4600223"]
[EventDate "2014.07.18"]

1. e4 c5 2. Nf3 d6 3. d4 cxd4 4. Nxd4 Nf6 5. Nc3 a6 6. Be2 e5 7. Nb3 Be7 8. Be3
Be6 9. Qd3 Nbd7 10. Nd5 Bxd5 11. exd5 Nb6 12. c4 O-O 13. O-O a5 14. a4 Nfd7 15.
Qd2 Nc8 16. Kh1 b6 17. f4 Nc5 18. Ra3 Ra7 19. Bg4 Qc7 20. Kg1 Ra8 21. Nc1 exf4
22. Bxf4 Bf6 23. Rh3 Ne7 24. Bg3 Rfe8 25. Ne2 Ng6 26. Qc2 Ne4 27. Kh1 Re7 28.
Nf4 Rae8 29. Nxg6 hxg6 30. Be6 Ng5 31. Rxf6 fxe6 32. Rh6 exd5 33. h4 Ne4 34.
Rfxg6 Qxc4 35. Qxc4 dxc4 36. Rg4 Re6 37. Rxe6 Rxe6 38. Kh2 d5 39. Bf4 d4 40. Bh6
Kh7 41. Bxg7 d3 42. Bd4 Rd6 43. Be3 d2 44. Bxd2 Nxd2 45. Rf4 Rd3 46. h5 Rb3 47.
g4 Rxb2 48. g5 Ne4+ 49. Kh3 Nxg5+ 50. Kh4 Ne6 0-1

[Event "25th Czech Open A 2014"]
[Site "Pardubice CZE"]
[Date "2014.07.23"]
[Round "6.44"]
[White "Constantinou, Peter"]
[Black "Berchtenbreiter, Maximilian"]
[Result "1-0"]
[WhiteTitle "FM"]
[BlackTitle "IM"]
[WhiteElo "2285"]
[BlackElo "2419"]
[WhiteFideId "413038"]
[BlackFideId "24641120"]
[EventDate "2014.07.18"]

1. d4 Nf6 2. Bg5 e6 3. c3 c5 4. Nf3 b6 5. e3 Bb7 6. Bd3 cxd4 7. cxd4 Be7 8. O-O
h6 9. Bh4 Nc6 10. Nc3 Nb4 11. Be2 Rc8 12. Bxf6 Bxf6 13. Nb5 Be7 14. Nxa7 Ra8 15.
a3 Rxa7 16. axb4 Rxa1 17. Qxa1 Bxb4 18. Qa7 Bd5 19. Rc1 O-O 20. Ne5 Qg5 21. Bf1
f5 22. Qxb6 Bd2 23. Rd1 f4 24. Rxd2 fxe3 25. Re2 Bxg2 26. Bxg2 exf2+ 27. Rxf2
Qc1+ 28. Rf1 Rxf1+ 29. Bxf1 Qe3+ 30. Kg2 Qg5+ 31. Kh1 h5 32. Qb8+ Kh7 33. Bd3+
g6 34. Qh8+ 1-0

[Event "25th Czech Open A 2014"]
[Site "Pardubice CZE"]
[Date "2014.07.23"]
[Round "6.45"]
[White "Westerberg, Jonathan"]
[Black "Kutynec, Vladimir"]
[Result "1-0"]
[WhiteTitle "FM"]
[BlackTitle "IM"]
[WhiteElo "2412"]
[BlackElo "2305"]
[WhiteFideId "1701754"]
[BlackFideId "4119843"]
[EventDate "2014.07.18"]

1. e4 c5 2. Nc3 g6 3. f4 Bg7 4. Nf3 Nc6 5. Bb5 Nd4 6. O-O Nxb5 7. Nxb5 Nf6 8. e5
Nd5 9. d4 Nc7 10. a4 cxd4 11. Qxd4 a6 12. Nxc7+ Qxc7 13. Qf2 d6 14. Be3 O-O 15.
Bb6 Qc4 16. exd6 exd6 17. Bd4 Re8 18. Rfe1 Bg4 19. Bxg7 Bxf3 20. b3 Qb4 21. Bd4
Be4 22. Re2 Re6 23. h3 Rae8 24. Rd1 b5 25. axb5 Qxb5 26. Rde1 Qc6 27. Kh2 f6 28.
Rd2 h5 29. Re3 d5 30. Kg1 Rc8 31. Rc3 Qd7 32. Rxc8+ Qxc8 33. Qh4 Bxc2 34. Bxf6
Bxb3 35. Bb2 Qc5+ 36. Kh2 Qe3 37. Rf2 Re4 38. Qf6 Re7 39. Qxg6+ Kf8 40. Rf3 Qe4
41. Qf6+ Rf7 42. Qd8+ 1-0

[Event "25th Czech Open A 2014"]
[Site "Pardubice CZE"]
[Date "2014.07.23"]
[Round "6.46"]
[White "Manik, Mikulas"]
[Black "Galaktionov, Artem"]
[Result "1-0"]
[WhiteTitle "GM"]
[WhiteElo "2394"]
[BlackElo "2006"]
[WhiteFideId "14900734"]
[BlackFideId "24175471"]
[EventDate "2014.07.18"]

1. e4 e6 2. d4 d5 3. Nc3 Bb4 4. e5 c5 5. Qg4 g6 6. dxc5 Nc6 7. Bd2 Bxc5 8. Nf3
f6 9. Bb5 Bd7 10. O-O Qe7 11. Rae1 f5 12. Qg3 a6 13. Ba4 Nd4 14. Nxd4 Bxd4 15.
Ne2 Bxf2+ 16. Rxf2 Bxa4 17. Nd4 Rc8 18. Bg5 Qf7 19. Bf6 Nxf6 20. exf6 O-O 21.
Rxe6 Rc4 22. Re7 Qxf6 23. Nxf5 Kh8 24. Qh3 h5 25. Qe3 gxf5 26. Rxf5 Qxe7 27.
Rxh5+ Qh7 28. Rxh7+ Kxh7 29. b3 Rcf4 30. Qd3+ Kg7 31. bxa4 R8f7 32. h3 Rxa4 33.
Qxd5 Raf4 34. c4 R4f6 35. Qe5 Kg8 36. h4 Rf1+ 37. Kh2 R1f4 38. h5 Rxc4 39. Qe8+
Kg7 40. h6+ Kf6 41. Qd8+ Ke6 42. Kh3 Rc3+ 43. g3 Rcf3 44. Qb6+ Kf5 45. Kh4 Rf6
46. g4+ Kg6 47. Qb1+ Kxh6 48. g5+ Kg7 49. gxf6+ Rxf6 50. Qxb7+ Kg6 51. Kg4 Re6
52. a4 Kf6 53. Kf4 Rd6 54. a5 Rd4+ 55. Ke3 Rd6 56. Ke4 Ke6 57. Qc7 Rd7 58. Qc6+
Rd6 59. Qe8+ 1-0

[Event "25th Czech Open A 2014"]
[Site "Pardubice CZE"]
[Date "2014.07.23"]
[Round "6.47"]
[White "Musaev, Rasul"]
[Black "Mueller, Ralf1"]
[Result "1-0"]
[WhiteTitle "FM"]
[BlackTitle "FM"]
[WhiteElo "2281"]
[BlackElo "2392"]
[WhiteFideId "24146870"]
[BlackFideId "4606612"]
[EventDate "2014.07.18"]

1. e4 e5 2. Nf3 Nc6 3. Bb5 Nf6 4. d3 d6 5. O-O Be7 6. c3 O-O 7. Re1 Bd7 8. Nbd2
Re8 9. Nf1 Bf8 10. Bg5 h6 11. Bh4 Ne7 12. Bxd7 Nxd7 13. Ne3 Qc8 14. Qc2 Ng6 15.
Bg3 Nc5 16. b4 Ne6 17. d4 Ng5 18. Nxg5 hxg5 19. a3 Nf4 20. f3 c5 21. Qb3 exd4
22. cxd4 cxd4 23. Bxf4 dxe3 24. Bxg5 e2 25. Rxe2 a5 26. Rd1 axb4 27. axb4 b5 28.
Rc2 Qd7 29. Be3 Ra4 30. Rc5 Rea8 31. Qd5 Ra1 32. Rcc1 R1a3 33. Bb6 Ra2 34. Rc7
Qe6 35. Ba5 Qxd5 36. Rxd5 Rb2 37. h4 g6 38. h5 gxh5 39. Rxh5 Re8 40. Rxb5 Re6
41. Rg5+ Bg7 42. Rc4 Kh7 43. Bd8 Bh6 44. Rg4 Be3+ 45. Kh2 Bf2 46. Bg5 Be1 47.
Rc7 1-0

[Event "25th Czech Open A 2014"]
[Site "Pardubice CZE"]
[Date "2014.07.23"]
[Round "6.48"]
[White "Schulz, Karsten"]
[Black "Jasny, Stanislav"]
[Result "0-1"]
[WhiteTitle "FM"]
[BlackTitle "IM"]
[WhiteElo "2276"]
[BlackElo "2385"]
[WhiteFideId "4611446"]
[BlackFideId "311030"]
[EventDate "2014.07.18"]

1. c4 Nf6 2. g3 g6 3. Bg2 Bg7 4. Nc3 d6 5. e4 c5 6. Nge2 Nc6 7. d3 O-O 8. O-O
Ne8 9. Be3 Nd4 10. Rb1 a5 11. Qd2 Nc7 12. Bh6 e5 13. Bxg7 Kxg7 14. f4 f6 15. Rf2
Bd7 16. Rbf1 Qe7 17. Nxd4 exd4 18. Nd5 Nxd5 19. cxd5 b6 20. Re1 Rae8 21. h3 Qd8
22. Kh2 Rf7 23. Rfe2 Rfe7 24. Bf3 Qc8 25. Bg2 Bb5 26. Rd1 Qc7 27. Rde1 Ba6 28.
Bf3 Bc8 29. Bg2 Qd7 30. Kg1 h6 31. Kh2 Qb5 32. Rd1 Ba6 33. Ree1 Qa4 34. a3 Qb3
35. Qe2 Bb7 36. Qd2 Ba8 37. Bf3 c4 38. Rc1 Qxd3 39. Qxd3 cxd3 40. Red1 f5 41.
exf5 Re2+ 42. Kg1 Rc2 43. Rf1 gxf5 44. Rcd1 Re3 45. Rf2 Bb7 46. g4 Kf6 47. Kg2
Ree2 48. Rf1 Rxb2 0-1

[Event "25th Czech Open A 2014"]
[Site "Pardubice CZE"]
[Date "2014.07.23"]
[Round "6.49"]
[White "Vykouk, Jan"]
[Black "Repka, Christopher"]
[Result "0-1"]
[WhiteElo "2176"]
[BlackElo "2380"]
[WhiteFideId "349658"]
[BlackFideId "14918781"]
[EventDate "2014.07.18"]

1. e4 e6 2. d4 d5 3. Nd2 Nc6 4. Ngf3 Nf6 5. e5 Nd7 6. Bb5 a5 7. O-O Na7 8. Bd3
c5 9. c3 Be7 10. Re1 c4 11. Bb1 b5 12. Nf1 Rb8 13. N3d2 b4 14. Qg4 g6 15. Nf3
bxc3 16. bxc3 Nb5 17. Re3 Na3 18. Bxa3 Bxa3 19. Bc2 Rb2 20. Ne1 O-O 21. f4 f5
22. Qd1 Bb7 23. Rh3 Bc6 24. g4 Rf7 25. Ng3 Nf8 26. Nf1 Rg7 27. Ne3 g5 28. gxf5
gxf4+ 29. N3g2 exf5 30. Qf3 Ne6 31. Rh6 Rg6 32. Rxg6+ hxg6 33. Nxf4 Qg5+ 34.
Nfg2 Rb7 35. h4 Qg4 36. Qxg4 fxg4 37. Bxg6 Bb2 38. Rd1 Bxc3 39. Nc2 Ba4 40. Nge3
Rb2 41. Bf5 Ng7 42. Bg6 Ne6 43. Bf5 Nf4 44. e6 Ne2+ 45. Kg2 Nxd4 0-1

[Event "25th Czech Open A 2014"]
[Site "Pardubice CZE"]
[Date "2014.07.23"]
[Round "6.50"]
[White "Seger, Ruediger"]
[Black "Tomazini, Aljosa"]
[Result "1/2-1/2"]
[WhiteTitle "IM"]
[BlackTitle "FM"]
[WhiteElo "2374"]
[BlackElo "2283"]
[WhiteFideId "4617274"]
[BlackFideId "14608154"]
[EventDate "2014.07.18"]

1. e4 e5 2. Nf3 Nc6 3. d4 exd4 4. Nxd4 Nf6 5. Nc3 Bb4 6. Nxc6 bxc6 7. Bd3 d6 8.
Bg5 h6 9. Bh4 Be6 10. O-O g5 11. Bg3 h5 12. f3 Bc5+ 13. Kh1 h4 14. Bf2 Bxf2 15.
Rxf2 Nh5 16. Ne2 Qb8 17. b3 Qb6 18. Qe1 a5 19. Qc3 Ke7 20. Kg1 1/2-1/2

[Event "25th Czech Open A 2014"]
[Site "Pardubice CZE"]
[Date "2014.07.23"]
[Round "6.51"]
[White "Eliseev, Evgeniy"]
[Black "Vrana, Jan"]
[Result "1/2-1/2"]
[BlackTitle "FM"]
[WhiteElo "2140"]
[BlackElo "2374"]
[WhiteFideId "14139642"]
[BlackFideId "322369"]
[EventDate "2014.07.18"]

1. d4 Nf6 2. c4 e6 3. Nf3 d5 4. Nc3 Be7 5. Bf4 O-O 6. e3 b6 7. cxd5 Nxd5 8. Bg3
Bb7 9. Qc2 c5 10. dxc5 Nxc3 11. Qxc3 Bxc5 12. Be2 Nc6 13. O-O f6 14. Bc4 Qe7 15.
a3 a5 16. Nd4 Bxd4 17. exd4 Rad8 18. Rad1 Kh8 19. d5 exd5 20. Bxd5 Qd7 21. Qb3
Ne5 22. Bxb7 Qxb7 23. Rxd8 Rxd8 24. Qe6 Nc6 25. Re1 h6 26. h4 Qd7 27. Qxd7 Rxd7
28. Re6 Rd1+ 29. Kh2 Rc1 30. a4 Kh7 31. Bf4 Rc4 32. Be3 Ne5 33. b3 Rc3 34. Rxb6
Ng4+ 35. Kg3 Nxe3 36. fxe3 Rxe3+ 37. Kf4 Re2 38. g4 Rf2+ 39. Ke4 Rg2 40. Kf3 Rc2
41. Rb5 Rc3+ 42. Kf4 g5+ 43. hxg5 hxg5+ 44. Kf5 Rf3+ 45. Ke4 Rg3 46. Kf5 Rf3+ 1/2-1/2

[Event "25th Czech Open A 2014"]
[Site "Pardubice CZE"]
[Date "2014.07.23"]
[Round "6.52"]
[White "Kourousis, Epaminondas"]
[Black "Semenova, Elena1"]
[Result "1/2-1/2"]
[BlackTitle "WIM"]
[WhiteElo "2364"]
[BlackElo "2215"]
[WhiteFideId "4211626"]
[BlackFideId "24125148"]
[EventDate "2014.07.18"]

1. Nf3 d5 2. d4 Nf6 3. c4 e6 4. g3 Be7 5. Bg2 O-O 6. O-O dxc4 7. Qc2 a6 8. Qxc4
b5 9. Qc2 Bb7 10. Bf4 Nc6 11. Rd1 Nb4 12. Qc1 Rc8 13. Nc3 Nbd5 14. Nxd5 Bxd5 15.
Bg5 Nd7 16. b4 f6 17. Bd2 Nb6 18. Bc3 Qd7 19. a3 Qc6 20. Be1 Nc4 21. Qc2 Be4 22.
Ne5 Bxc2 23. Nxc6 Bd6 24. Rdc1 Bg6 25. a4 e5 26. axb5 axb5 27. dxe5 Nxe5 28.
Nxe5 Bxe5 29. Bc3 Bd6 30. Ra5 c5 31. Rxb5 cxb4 32. Bd2 Rxc1+ 33. Bxc1 Rc8 34.
Bd2 Rc2 35. Bd5+ Bf7 36. Bxf7+ Kxf7 37. Bf4 Bxf4 38. gxf4 Rxe2 39. Rxb4 f5 40.
Kg2 Re1 1/2-1/2

[Event "25th Czech Open A 2014"]
[Site "Pardubice CZE"]
[Date "2014.07.23"]
[Round "6.53"]
[White "Zhylkaidarova, Sholpan"]
[Black "Grekh, Andrey"]
[Result "1/2-1/2"]
[BlackTitle "IM"]
[WhiteElo "2069"]
[BlackElo "2396"]
[WhiteFideId "13700138"]
[BlackFideId "14112418"]
[EventDate "2014.07.18"]

1. d4 Nf6 2. c4 c5 3. d5 b5 4. cxb5 a6 5. bxa6 Bxa6 6. Nc3 d6 7. Nf3 g6 8. e4
Bxf1 9. Kxf1 Bg7 10. g3 O-O 11. Kg2 Nbd7 12. a4 Qb6 13. Qe2 Rfb8 14. Nb5 Ne8 15.
Bg5 Nc7 16. Bxe7 Nxb5 17. axb5 f6 18. Nd2 Ne5 19. f4 Nf7 20. e5 fxe5 21. Ne4
exf4 22. gxf4 Qb7 23. Bxd6 Nxd6 24. Nxd6 Qxd5+ 25. Qf3 Qxf3+ 26. Kxf3 Rxa1 27.
Rxa1 Bf8 28. Ne4 Rxb5 29. Ra7 Rb3+ 30. Kg4 Rb6 31. h4 h5+ 32. Kg5 Bg7 33. Ra8+
Kh7 34. Ra7 Re6 35. f5 Rxe4 36. fxg6+ Kg8 37. Ra8+ Bf8 38. Kxh5 Kg7 39. Kg5 Re5+
40. Kg4 Re4+ 41. Kg5 Re2 42. Ra7+ Re7 43. Ra8 Rb7 44. h5 Be7+ 45. Kf5 Rxb2 46.
h6+ Kxh6 47. Rh8+ Kg7 48. Rh7+ Kf8 49. Rh8+ Kg7 50. Rh7+ 1/2-1/2

[Event "25th Czech Open A 2014"]
[Site "Pardubice CZE"]
[Date "2014.07.23"]
[Round "6.54"]
[White "Sergeev, Vladimir"]
[Black "Gruenter, Martin"]
[Result "1/2-1/2"]
[WhiteTitle "GM"]
[WhiteElo "2447"]
[BlackElo "2249"]
[WhiteFideId "14101076"]
[BlackFideId "24640352"]
[EventDate "2014.07.18"]

1. g3 c5 2. Bg2 Nf6 3. c4 e6 4. Nf3 a6 5. Nc3 b6 6. d4 cxd4 7. Nxd4 Ra7 8. O-O
Be7 9. e4 d6 10. Be3 O-O 11. Qe2 Rc7 12. Rfd1 Nfd7 13. a4 Bb7 14. a5 bxa5 15.
Nb3 Nc6 16. c5 dxc5 17. Nxc5 Qc8 18. Nxb7 Rxb7 19. Na4 Rc7 20. f4 Nb4 21. Nc3
Bc5 22. Rxa5 Bxe3+ 23. Qxe3 Rc5 24. Ra4 a5 25. Rxd7 Rxc3 26. bxc3 Qxd7 27. Rxa5
Qd1+ 28. Bf1 Nc2 29. Qe2 Qc1 30. Kf2 g6 31. Ra2 Na3 32. Qb2 Qxb2+ 33. Rxb2 Rc8
34. Rb3 Nc4 35. Bxc4 Rxc4 36. Ke3 h5 37. Kd3 Rc8 38. c4 Rc7 39. e5 Kf8 40. Rc3
Ke7 41. c5 Kd7 42. Kc4 Ra7 43. Rd3+ Kc7 44. h3 Ra1 45. Kb4 Rb1+ 46. Rb3 Rh1 47.
Kb5 Rc1 48. Ra3 Rb1+ 49. Kc4 Rc1+ 50. Kd4 Kb7 51. g4 hxg4 52. hxg4 Rg1 53. g5
Rf1 54. Kc4 Rc1+ 55. Kb4 Rf1 56. Ra4 Rb1+ 57. Kc4 Rc1+ 58. Kb5 Rb1+ 59. Rb4 Rc1
60. Rb3 Kc7 61. Ra3 Rb1+ 62. Kc4 Rc1+ 63. Kd4 Kb7 64. Rh3 Rd1+ 65. Kc4 Rf1 66.
Rd3 Kc7 67. Ra3 Rc1+ 68. Kb4 Kb7 69. Ra4 Rb1+ 70. Kc4 Rc1+ 71. Kb5 Rb1+ 72. Rb4
Rc1 73. Rd4 Rb1+ 74. Kc4 Rc1+ 75. Kb4 Rb1+ 76. Ka3 Kc7 77. Ra4 Kc6 78. Ka2 Rb7
79. Rc4 Rb5 80. Rd4 Rxc5 81. Rd6+ Kc7 82. Kb3 Rc6 83. Rxc6+ 1/2-1/2

[Event "25th Czech Open A 2014"]
[Site "Pardubice CZE"]
[Date "2014.07.23"]
[Round "6.55"]
[White "Sergeyev, Alexander"]
[Black "Postupa, Pavel2"]
[Result "1-0"]
[WhiteTitle "FM"]
[WhiteElo "2389"]
[BlackElo "2247"]
[WhiteFideId "13702076"]
[BlackFideId "326410"]
[EventDate "2014.07.18"]

1. e4 c5 2. Nc3 d6 3. f4 g6 4. Nf3 Bg7 5. d4 cxd4 6. Nxd4 Nc6 7. Be3 Nf6 8. Qd2
O-O 9. Be2 Bg4 10. Nf3 Qa5 11. h3 Be6 12. O-O Rac8 13. Rfd1 a6 14. Bd3 b5 15. a4
b4 16. Ne2 Rfd8 17. Ng5 Bd7 18. Ng3 Be8 19. Qe2 Ra8 20. Qf2 Rab8 21. b3 Nd7 22.
Rab1 Nc5 23. Be2 Nd7 24. Kh1 Ra8 25. Qf1 Nb6 26. h4 Rdc8 27. h5 h6 28. Nf3 Nd8
29. Bd3 Ne6 30. hxg6 fxg6 31. f5 Nc5 32. Be2 Bf7 33. Nd4 Nbd7 34. fxg6 Bxg6 35.
Ndf5 Nxe4 36. Nxe7+ Kh7 37. Nxe4 Bxe4 38. Bd3 Qh5+ 39. Kg1 Nf6 40. Nxc8 Rxc8 41.
Bd4 Ng4 42. Bxe4+ Kh8 43. Qf4 Re8 44. Bf3 Be5 45. Bxe5+ 1-0

[Event "25th Czech Open A 2014"]
[Site "Pardubice CZE"]
[Date "2014.07.23"]
[Round "6.56"]
[White "Vogel, Roven"]
[Black "Aulia, Medina Warda"]
[Result "1-0"]
[BlackTitle "WGM"]
[WhiteElo "2257"]
[BlackElo "2382"]
[WhiteFideId "12908088"]
[BlackFideId "7101570"]
[EventDate "2014.07.18"]

1. Nf3 Nf6 2. g3 e6 3. Bg2 d5 4. c4 dxc4 5. Qa4+ Bd7 6. Qxc4 Bc6 7. O-O Be7 8.
Nc3 Nbd7 9. e4 O-O 10. Rd1 h6 11. Qe2 Rb8 12. d4 b6 13. d5 exd5 14. Nd4 Bb7 15.
e5 Nh7 16. Nxd5 Re8 17. Nf5 Bc5 18. Qg4 Ng5 19. Bf4 Kh8 20. h4 Ne6 21. Be4 Bf8
22. Nxh6 1-0

[Event "25th Czech Open A 2014"]
[Site "Pardubice CZE"]
[Date "2014.07.23"]
[Round "6.57"]
[White "Sorin, Michael"]
[Black "Sukandar, Irine Kharisma"]
[Result "0-1"]
[BlackTitle "WGM"]
[WhiteElo "2249"]
[BlackElo "2375"]
[WhiteFideId "2805030"]
[BlackFideId "7101937"]
[EventDate "2014.07.18"]

1. Nf3 c5 2. c4 g6 3. Nc3 Bg7 4. g3 Nc6 5. Bg2 Nh6 6. O-O Nf5 7. d3 O-O 8. Bd2
a6 9. Rb1 Rb8 10. e3 b5 11. b3 b4 12. Na4 d6 13. Bc1 Bb7 14. Bb2 e5 15. Qd2 Nce7
16. Rbd1 Bc6 17. Qc2 Qd7 18. Nd2 Bxg2 19. Kxg2 h5 20. h3 h4 21. g4 Nh6 22. f3
Nc6 23. Rde1 Nd8 24. Qd1 Ne6 25. f4 f5 26. g5 Nf7 27. Qf3 Rfd8 28. Rd1 Re8 29.
Rde1 Nfd8 30. fxe5 dxe5 31. Qd5 Qe7 32. Bxe5 Qxg5+ 33. Kh1 Bxe5 34. Qxe5 Nf7 35.
Qh2 Rbd8 36. Nb6 Rxd3 37. Nd5 Qg3 38. Qxg3 hxg3 39. Nf3 Kg7 40. Kg2 Neg5 41.
Nxg5 Nxg5 42. Kxg3 Ne4+ 43. Kf3 Rd2 44. Ra1 Rh8 45. Kf4 g5+ 46. Ke5 Re8+ 47.
Kxf5 Rg2 0-1

[Event "25th Czech Open A 2014"]
[Site "Pardubice CZE"]
[Date "2014.07.23"]
[Round "6.58"]
[White "Szotkowski, Jakub"]
[Black "Vlasak, Lukas"]
[Result "0-1"]
[BlackTitle "FM"]
[WhiteElo "2240"]
[BlackElo "2375"]
[WhiteFideId "330590"]
[BlackFideId "324752"]
[EventDate "2014.07.18"]

1. Nf3 d5 2. c4 d4 3. g3 Nc6 4. Bg2 e5 5. d3 Nf6 6. O-O a5 7. e3 Be7 8. exd4
exd4 9. Bg5 O-O 10. Bxf6 Bxf6 11. Nfd2 Bf5 12. Ne4 Be7 13. Nbd2 Qd7 14. a3 Bg4
15. f3 Bh5 16. Qc2 Rfe8 17. Rae1 Rab8 18. g4 Bg6 19. Ng3 Bg5 20. Rxe8+ Qxe8 21.
Nde4 Be3+ 22. Kh1 Qe5 23. Ne2 Bxe4 24. fxe4 g6 25. Ng1 Qe6 26. Bf3 Ne5 27. h3
Kg7 28. Bd1 b5 29. b3 bxc4 30. bxc4 Bxg1 31. Kxg1 Qe7 32. Qf2 c5 33. Qd2 h6 34.
Kg2 Rb6 35. Ba4 Rf6 36. Rxf6 Qxf6 37. Bd1 Qb6 38. Qc2 g5 39. Be2 Ng6 40. Bf1 Qb8
41. Kh1 Qf4 42. Qe2 Qc1 0-1

[Event "25th Czech Open A 2014"]
[Site "Pardubice CZE"]
[Date "2014.07.23"]
[Round "6.59"]
[White "Lomakin, Viktor"]
[Black "Suran, Jan"]
[Result "0-1"]
[BlackTitle "FM"]
[WhiteElo "2216"]
[BlackElo "2368"]
[WhiteFideId "14101920"]
[BlackFideId "305782"]
[EventDate "2014.07.18"]

1. d4 g6 2. c4 Bg7 3. e4 d6 4. Ne2 e5 5. d5 Nd7 6. Nbc3 h5 7. Be3 Bh6 8. Bxh6
Nxh6 9. Qd2 Kf8 10. h4 Kg7 11. O-O-O a6 12. Ng3 Qe7 13. f3 Nc5 14. b4 Nd7 15.
Kb2 a5 16. a3 axb4 17. axb4 Nb6 18. Ra1 Rxa1 19. Kxa1 Bd7 20. Kb2 Ra8 21. Bd3
Na4+ 22. Nxa4 Rxa4 23. Bc2 Ra8 24. Qc3 Kh7 25. Nf1 Rf8 26. Nd2 c6 27. Qa3 cxd5
28. cxd5 f5 29. Qe3 Bb5 30. Bb1 Rc8 31. Qb6 Qc7 32. Qxc7+ Rxc7 33. Bc2 f4 34.
Ra1 Ng8 35. Ra5 Be2 36. b5 b6 37. Ra6 Rb7 38. Ba4 Nf6 39. Ra8 Kg7 40. Rc8 Nd7
41. Rc6 Nc5 42. Bc2 Bxb5 43. Rxd6 Kf7 44. Rd8 Ke7 45. Rh8 Rc7 46. Rh7+ Kd6 47.
Rh6 Rg7 48. Kc3 Ke7 49. Nc4 Bxc4 50. Kxc4 Nb7 51. Kb5 Nd6+ 52. Kxb6 Nf7 53. Kc7
Nxh6 54. d6+ Ke6+ 55. Kc6 Nf7 56. Bb3+ Kf6 57. Ba4 Nxd6 58. Kxd6 Ra7 59. Bd7 Ra2
60. Bh3 Rd2+ 61. Kc7 Ke7 62. Kc6 Kd8 63. Kb7 Rc2 64. Kb6 Ke7 65. Kb5 Kd6 66. Kb4
Kc6 67. Kb3 Rd2 68. Kc3 Rd4 69. Be6 Rd1 70. Bh3 Kc5 71. Be6 Rc1+ 72. Kd3 Rg1 73.
Bh3 Kb4 74. Kd2 Kc4 75. Ke2 Kd4 76. Kf2 Rh1 0-1